Online Catalogue and eLibrary

Status of women in India / (Record no. 94)

MARC details
000 -LEADER
fixed length control field 00427cam a2200169 a 4500
001 - CONTROL NUMBER
control field 4392390
005 - DATE AND TIME OF LATEST TRANSACTION
control field 20231128003321.0
008 - FIXED-LENGTH DATA ELEMENTS--GENERAL INFORMATION
fixed length control field 911017s1991 ii b 000 0 eng
040 ## - CATALOGING SOURCE (பட்டியலாக்க மூலம்)
Original cataloging agency DLC
Transcribing agency DLC
Modifying agency DLC
082 ## - DDC Classification
DDC Edition Number 22
Class No. 305.4
Item Number - Author Mark UPA.
100 1# - MAIN ENTRY--PERSONAL NAME
Personal name Upadhyay, H. C.
245 10 - TITLE STATEMENT
Title Status of women in India /
Statement of responsibility, etc. H.C. Upadhyay.
260 ## - PUBLICATION, DISTRIBUTION, ETC.
Place of publication, distribution, etc. New Delhi :
Name of publisher, distributor, etc. Anmol Publications,
Date of publication, distribution, etc. 1991.
300 ## - PHYSICAL DESCRIPTION
Extent (e.g. Volumes, Pages etc.) V, 280 p.
650 #0 - SUBJECT ADDED ENTRY--TOPICAL TERM
Topical term or geographic name entry element Women
942 ## - Koha item type (Biblio)
Koha item type Books in Stacks (Lending)
Holdings
Lost status Damaged status Collection code Home library Current library Date acquired Full call number Accession Number Item type
    Lending WERC Library WERC Library 11/28/2023 305.4 UPA. 525 Books in Stacks (Lending)

© WERC Library